[Event "4NCL Online Division 6"]
[Site "online"]
[Date "2020.08.25"]
[Round "1.242"]
[White "Dometakis, Lakis"]
[Black "Tait, Bill"]
[Result "1/2-1/2"]
[WhiteElo "1375"]
[BlackElo "1640"]
[PlyCount "112"]
[EventDate "2020.08.25"]
[WhiteTeam "Enfield 2"]
[BlackTeam "Bradford DCA Knights C"]

1. e4 e5 2. Nf3 d6 3. d4 exd4 4. Nxd4 Nf6 5. Bd3 Be7 6. h3 Bd7 7. O-O Nc6 8.
Nf5 O-O 9. Nxe7+ Qxe7 10. Nc3 Ne5 11. Nd5 Nxd5 12. exd5 Nxd3 13. Qxd3 Rfe8 14.
Bd2 Qf8 15. Rfe1 Rxe1+ 16. Rxe1 Re8 17. Rxe8 Qxe8 18. Qd4 a6 19. c4 b6 20. Bc3
f6 21. Qe3 Qxe3 22. fxe3 Bf5 23. a3 Be4 24. b4 c6 25. dxc6 Bxc6 26. Bd4 b5 27.
cxb5 axb5 28. Kf2 Kf7 29. g3 f5 30. g4 g6 31. gxf5 gxf5 32. Kg3 Kg6 33. Kh4 Be4
34. Bb6 Bc2 35. Kg3 Bd3 36. h4 Be4 37. Bc7 d5 38. Bb6 Bd3 39. Kf4 Kh5 40. Bd8
Be4 41. Ke5 Kg4 42. Kd4 f4 43. exf4 Kxf4 44. Kc5 Bd3 45. Kxd5 Bc2 46. Ke6 h5
47. Bg5+ Kg4 48. Kd6 Ba4 49. Kc5 Kf5 50. Kd4 Kg4 51. Kc3 Kf5 52. Kd4 Kg4 53.
Ke5 Bb3 54. Kf6 Ba4 55. Kg7 Bb3 56. Kh6 Ba4 1/2-1/2

[Event "4NCL Online Division 6"]
[Site "online"]
[Date "2020.08.25"]
[Round "1.243"]
[White "Gallagher, Dominic"]
[Black "McHugh, Ralph"]
[Result "1-0"]
[WhiteElo "1630"]
[BlackElo "1300"]
[PlyCount "57"]
[EventDate "2020.08.25"]
[WhiteTeam "Bradford DCA Knights C"]
[BlackTeam "Enfield 2"]

1. d4 d5 2. Bf4 Nf6 3. e3 Bf5 4. c4 c6 5. Nc3 e6 6. Qb3 b6 7. Nf3 h6 8. h3 Bd6
9. Ne5 O-O 10. Rd1 a5 11. a4 Bb4 12. Be2 Ne4 13. O-O Nxc3 14. bxc3 Bd6 15. Ra1
Bxe5 16. Bxe5 Qg5 17. Bg3 Nd7 18. cxd5 cxd5 19. Kh2 Ra7 20. c4 Nf6 21. Qxb6
Rfa8 22. c5 Ra6 23. Bxa6 Ne4 24. c6 Nd2 25. c7 Nxf1+ 26. Rxf1 e5 27. Qb8+ Rxb8
28. cxb8=Q+ Kh7 29. Qxe5 1-0

[Event "4NCL Online Division 6"]
[Site "online"]
[Date "2020.08.25"]
[Round "1.244"]
[White "March, Steven J"]
[Black "Waite, Nicholas"]
[Result "0-1"]
[WhiteElo "1285"]
[BlackElo "1420"]
[PlyCount "50"]
[EventDate "2020.08.25"]
[WhiteTeam "Enfield 2"]
[BlackTeam "Bradford DCA Knights C"]

1. e4 e5 2. Nc3 d6 3. Nf3 Be7 4. d4 Nd7 5. dxe5 dxe5 6. b3 c6 7. Bb2 Ngf6 8.
Bc4 b5 9. Bd3 Qc7 10. O-O Nf8 11. a3 Bg4 12. b4 Ne6 13. Be2 Bxf3 14. Bxf3 Nd4
15. Rc1 Rd8 16. Qd3 Nb3 17. Qe3 Nxc1 18. Rxc1 O-O 19. Ne2 Ne8 20. Ng3 h6 21.
Rf1 Bg5 22. Qb3 g6 23. Ne2 Nd6 24. Nc1 Nc4 25. Ba1 Nd2 0-1

[Event "4NCL Online Division 6"]
[Site "online"]
[Date "2020.08.25"]
[Round "1.251"]
[White "Dobbie, Graham"]
[Black "Bazan, Mateusz"]
[Result "1-0"]
[WhiteElo "1823"]
[BlackElo "1660"]
[PlyCount "93"]
[EventDate "2020.08.25"]
[WhiteTeam "East Kilbride Rovers"]
[BlackTeam "Charlton Cobras"]

1. c4 e6 2. Nc3 c6 3. d4 d5 4. cxd5 exd5 5. Bf4 Bd6 6. Bxd6 Qxd6 7. Qc2 Nf6 8.
e3 O-O 9. Bd3 Be6 10. Nf3 h6 11. Ne5 Nbd7 12. f4 g6 13. O-O Ng4 14. Rf3 Ngxe5
15. fxe5 Qe7 16. Bxg6 f5 17. Bxf5 Bxf5 18. Rxf5 Rxf5 19. Qxf5 Rf8 20. Qg6+ Qg7
21. Qxg7+ Kxg7 22. Rf1 Rxf1+ 23. Kxf1 Kf7 24. Kf2 Ke6 25. Kf3 c5 26. Kg4 cxd4
27. exd4 Nb8 28. Kh5 Nc6 29. Ne2 Nxe5 30. dxe5 Kxe5 31. Kxh6 d4 32. Nxd4 Kxd4
33. g4 a5 34. g5 a4 35. g6 Kd3 36. g7 Kc2 37. b4 axb3 38. axb3 Kxb3 39. g8=Q+
Kb4 40. Kg5 b5 41. Kf4 Kc3 42. Qg1 b4 43. Qc1+ Kb3 44. Ke3 Ka2 45. Kd3 b3 46.
Kc3 b2 47. Qxb2# 1-0

[Event "4NCL Online Division 6"]
[Site "online"]
[Date "2020.08.25"]
[Round "1.252"]
[White "Jones, Humphrey C N"]
[Black "Shrestha, Deepesh"]
[Result "1-0"]
[WhiteElo "1622"]
[BlackElo "1131"]
[PlyCount "79"]
[EventDate "2020.08.25"]
[WhiteTeam "Charlton Cobras"]
[BlackTeam "East Kilbride Rovers"]

1. d4 Nf6 2. Nf3 e6 3. e3 b6 4. Bd3 Bb7 5. O-O d5 6. c3 c5 7. Nbd2 Bd6 8. Qe2
Qc7 9. e4 dxe4 10. Nxe4 Nxe4 11. Bxe4 Nd7 12. h3 Bxe4 13. Qxe4 Nf6 14. Qxa8+
Qb8 15. Qxb8+ Bxb8 16. dxc5 bxc5 17. Be3 Bd6 18. Rfd1 Ke7 19. Nd2 Rd8 20. Nc4
Ne4 21. Nxd6 Nxd6 22. Bxc5 a5 23. Rd2 Kf6 24. Rxd6 Rc8 25. Bd4+ Kg6 26. Re1 Re8
27. Ra6 Kf5 28. Rxa5+ Kg6 29. b4 f6 30. f4 h6 31. b5 e5 32. fxe5 fxe5 33. Rxe5
Rb8 34. b6 Kf7 35. a4 g5 36. Rab5 Kg6 37. a5 Kh5 38. g4+ Kh4 39. Kg2 h5 40.
Bf2# 1-0

[Event "4NCL Online Division 6"]
[Site "online"]
[Date "2020.08.25"]
[Round "1.253"]
[White "Nagar, Nikunj"]
[Black "Stebbings, Robert J"]
[Result "0-1"]
[WhiteElo "653"]
[BlackElo "1615"]
[PlyCount "94"]
[EventDate "2020.08.25"]
[WhiteTeam "East Kilbride Rovers"]
[BlackTeam "Charlton Cobras"]

1. e4 c5 2. Nc3 Nc6 3. Bc4 e6 4. d3 a6 5. a4 Nf6 6. Bg5 Be7 7. Qf3 Nd4 8. Qd1
d6 9. Nf3 h6 10. Bh4 Qb6 11. Ra2 Nc6 12. a5 Nxa5 13. Na4 Qc7 14. Bg3 Nxc4 15.
dxc4 Nxe4 16. Bf4 Bd7 17. Nc3 Nxc3 18. bxc3 Bc6 19. O-O O-O 20. Qd2 Bxf3 21.
gxf3 Qc6 22. Qe3 b5 23. cxb5 axb5 24. Rxa8 Rxa8 25. Rd1 d5 26. Bg3 Bf6 27. Kg2
Ra3 28. Rd3 c4 29. Rd2 Rxc3 30. Qe2 b4 31. Be5 Bxe5 32. Qxe5 Qa4 33. Qe2 b3 34.
cxb3 cxb3 35. Rb2 Rc2 36. Rxc2 bxc2 37. Qe1 Qb3 38. Qc1 Qb1 39. Qxb1 cxb1=Q 40.
Kg3 d4 41. Kf4 d3 42. Ke3 f5 43. f4 g5 44. fxg5 hxg5 45. h3 f4+ 46. Kd2 Qc2+
47. Ke1 Qe2# 0-1

[Event "4NCL Online Division 6"]
[Site "online"]
[Date "2020.08.25"]
[Round "1.254"]
[White "Verbytski, Oleg"]
[Black "Pardeshi, Prachi"]
[Result "1-0"]
[WhiteElo "1450"]
[BlackElo "523"]
[PlyCount "79"]
[EventDate "2020.08.25"]
[WhiteTeam "Charlton Cobras"]
[BlackTeam "East Kilbride Rovers"]

1. e4 e5 2. Nf3 Nc6 3. Bc4 Nd4 4. Nxd4 exd4 5. O-O Bc5 6. c3 dxc3 7. Nxc3 Ne7
8. d4 Bb4 9. Bg5 O-O 10. Rc1 c6 11. Qf3 d5 12. exd5 cxd5 13. Nxd5 Qd7 14. Nxb4
Nf5 15. Rcd1 Nxd4 16. Qd3 h6 17. Be3 Qd6 18. Nc2 Nf3+ 19. gxf3 Qc6 20. Bd5 Qf6
21. f4 Rd8 22. Bxf7+ Kxf7 23. Qxd8 Qg6+ 24. Kh1 Qc6+ 25. Qd5+ Qxd5+ 26. Rxd5
Bg4 27. f3 Bh3 28. Rfd1 Re8 29. Re5 Rc8 30. Nd4 Rd8 31. Rc1 Rd6 32. Rc7+ Kg8
33. Nf5 Rg6 34. Re8+ Kh7 35. Rxg7+ Rxg7 36. Nxg7 Kxg7 37. Re7+ Kg6 38. Rxb7 Kh5
39. Rxa7 Kh4 40. b4 1-0

[Event "4NCL Online Division 6"]
[Site "online"]
[Date "2020.08.25"]
[Round "1.5"]
[White "Lampard, Alice"]
[Black "Platts, Philip S"]
[Result "1-0"]
[WhiteElo "2005"]
[BlackElo "1600"]
[PlyCount "51"]
[EventDate "2020.08.25"]
[WhiteTeam "Wells Globetrotters"]
[BlackTeam "Ashton 2"]

1. d4 c6 2. c4 d5 3. Nf3 Nf6 4. Qc2 a6 5. Bg5 e6 6. e3 Nbd7 7. Nc3 Be7 8. Be2
O-O 9. O-O b5 10. c5 b4 11. Na4 Ne4 12. Bf4 a5 13. Bd3 Ndf6 14. Ne5 h6 15. Nb6
Bb7 16. Nxa8 Bxa8 17. f3 Ng5 18. h4 Ngh7 19. g4 g5 20. hxg5 Nxg5 21. Kg2 Kg7
22. Rh1 Rh8 23. Bxg5 hxg5 24. Rxh8 Qxh8 25. Rh1 Qe8 26. Kf1 1-0

[Event "4NCL Online Division 6"]
[Site "online"]
[Date "2020.08.25"]
[Round "1.6"]
[White "Supatan, Dawn"]
[Black "Humphreys, Paul"]
[Result "1/2-1/2"]
[WhiteElo "1547"]
[BlackElo "1727"]
[PlyCount "95"]
[EventDate "2020.08.25"]
[WhiteTeam "Ashton 2"]
[BlackTeam "Wells Globetrotters"]

1. e4 Nf6 2. Nc3 d5 3. exd5 Nxd5 4. Nxd5 Qxd5 5. Nf3 Bg4 6. Be2 Nc6 7. O-O
O-O-O 8. c3 e6 9. d4 Bd6 10. Qc2 Qh5 11. h3 Bxh3 12. gxh3 Qxh3 13. Qe4 g5 14.
Ne5 f5 15. Qg2 Qxg2+ 16. Kxg2 Nxe5 17. dxe5 Bxe5 18. Bc4 f4 19. Re1 Bd6 20.
Bxe6+ Kb8 21. Bd2 h5 22. c4 g4 23. Bc3 f3+ 24. Kg1 Rh6 25. Rad1 c5 26. Bd5 Kc7
27. Be5 b6 28. Bxd6+ Rdxd6 29. Re7+ Rd7 30. Rxd7+ Kxd7 31. Bxf3+ Ke7 32. Bd5 h4
33. Re1+ Kd6 34. Re4 g3 35. fxg3 hxg3 36. Re3 Rh2 37. Rxg3 Rxb2 38. Rg2 Rxg2+
39. Bxg2 Ke5 40. Kf2 Kd4 41. Bd5 Kc3 42. Ke3 Kb4 43. Kd3 Ka3 44. Kc3 Kxa2 45.
Bc6 a6 46. Kc2 Ka3 47. Kc3 a5 48. Bb5 1/2-1/2

[Event "4NCL Online Division 6"]
[Site "online"]
[Date "2020.08.25"]
[Round "1.7"]
[White "Johnson, RN Phil"]
[Black "Shaughnessy, Phillip"]
[Result "1/2-1/2"]
[WhiteElo "1622"]
[BlackElo "1510"]
[PlyCount "163"]
[EventDate "2020.08.25"]
[WhiteTeam "Wells Globetrotters"]
[BlackTeam "Ashton 2"]

1. d4 d5 2. Bf4 e6 3. e3 Nf6 4. Nf3 c5 5. c3 Nc6 6. Nbd2 Bd6 7. Bg5 O-O 8. Qb3
a5 9. a4 h6 10. Bh4 g5 11. Bg3 g4 12. Ng1 e5 13. dxe5 Nxe5 14. Bb5 c4 15. Qc2
Nd3+ 16. Kf1 Bf5 17. Bh4 Kg7 18. e4 Qb6 19. exf5 g3 20. Bxf6+ Kxf6 21. Ne4+
dxe4 22. hxg3 Kg7 23. Bxc4 Rfe8 24. Bxd3 exd3 25. f6+ Kf8 26. Qd2 Re6 27. Rxh6
Ke8 28. Re1 Kd7 29. Rxe6 fxe6 30. Qxd3 Qxb2 31. c4 Qc1+ 32. Ke2 Qxh6 33. c5
Qh5+ 34. Nf3 Qxc5 35. Nd4 Qe5+ 36. Kf1 Qxf6 37. Nb5 Qe5 38. Qh7+ Be7 39. Qd3+
Kc6 40. Nd4+ Kc7 41. Qc4+ Kd6 42. Nb5+ Kd7 43. f4 Qa1+ 44. Ke2 Qb2+ 45. Kf3 Bd6
46. Qd3 Qb4 47. Nd4 Rc8 48. Qh7+ Be7 49. Nb5 Qxa4 50. Qd3+ Ke8 51. Qg6+ Kd7 52.
Qd3+ Kc6 53. Na7+ Kc7 54. Qc3+ Kb6 55. Nxc8+ Kb5 56. Nxe7 Qd1+ 57. Ke3 Qg1+ 58.
Kf3 Qd1+ 59. Kf2 Qd6 60. Qb3+ Ka6 61. Qc4+ b5 62. Qc6+ Qxc6 63. Nxc6 a4 64. g4
a3 65. Nb4+ Ka5 66. Nc2 b4 67. f5 exf5 68. gxf5 a2 69. Na1 Ka4 70. f6 b3 71. f7
b2 72. f8=Q bxa1=Q 73. Qa8+ Kb3 74. Qb7+ Kc2 75. Qe4+ Kb3 76. Qd5+ Kc2 77. Qe4+
Kb2 78. Qd4+ Kb1 79. Qd1+ Kb2 80. Qd4+ Kb1 81. Qd1+ Kb2 82. Qd4+ 1/2-1/2

[Event "4NCL Online Division 6"]
[Site "online"]
[Date "2020.08.25"]
[Round "1.8"]
[White "Mundy, Jack"]
[Black "Austin, Antony"]
[Result "1-0"]
[WhiteElo "1472"]
[BlackElo "1345"]
[PlyCount "99"]
[EventDate "2020.08.25"]
[WhiteTeam "Ashton 2"]
[BlackTeam "Wells Globetrotters"]

1. e4 c5 2. f4 e6 3. Nf3 Nc6 4. Nc3 Nf6 5. d4 cxd4 6. Nxd4 Bc5 7. Be3 Bb6 8. e5
Nd5 9. Nxd5 exd5 10. Nf5 O-O 11. Qg4 g6 12. Nh6+ Kg7 13. Nf5+ Kg8 14. O-O-O
Bxe3+ 15. Nxe3 d6 16. Qg3 d4 17. Ng4 dxe5 18. Nxe5 Bf5 19. Bd3 Bxd3 20. Qxd3
Nb4 21. Qb3 a5 22. a3 Nc6 23. Qxb7 Nxe5 24. fxe5 Qg5+ 25. Kb1 Qxe5 26. Rde1 Qg7
27. Qe7 Rab8 28. Qe5 Qxe5 29. Rxe5 a4 30. Rd1 Rfd8 31. Re4 Rd7 32. Rexd4 Rdb7
33. Rd8+ Kg7 34. Rxb8 Rxb8 35. Ka2 Rc8 36. Rd2 h5 37. b3 axb3+ 38. cxb3 f5 39.
a4 f4 40. Kb2 g5 41. b4 g4 42. a5 f3 43. gxf3 gxf3 44. Rf2 Rc4 45. Kb3 Rf4 46.
a6 Kg6 47. b5 Rf6 48. a7 Rf8 49. b6 Kg5 50. b7 1-0

[Event "4NCL Online Division 6"]
[Site "online"]
[Date "2020.08.25"]
[Round "1.15"]
[White "Humeniuk, Michael"]
[Black "Doyle, Jamie"]
[Result "1-0"]
[WhiteElo "1435"]
[BlackElo "1667"]
[PlyCount "95"]
[EventDate "2020.08.25"]
[WhiteTeam "Hertford 3"]
[BlackTeam "Wessex Some Stars E"]

1. e4 e5 2. Nf3 Nc6 3. Bc4 Nf6 4. d3 Be7 5. O-O O-O 6. c3 d6 7. h3 Be6 8. Bb3
Qd7 9. Ng5 Bxb3 10. axb3 h6 11. Nf3 Nh7 12. Be3 a6 13. b4 f5 14. exf5 Qxf5 15.
Nbd2 Qxd3 16. Qb3+ Kh8 17. Rad1 Qg6 18. Qc4 Ng5 19. Nxg5 Bxg5 20. Qg4 Qf6 21.
Bxg5 Qxg5 22. Qxg5 hxg5 23. Ne4 Rf5 24. g4 Rf4 25. Nxg5 Re8 26. Kg2 a5 27. bxa5
Nxa5 28. Rd2 Nc4 29. Re2 d5 30. Nf3 e4 31. Nd4 c5 32. Nb5 Ref8 33. b3 Na5 34.
b4 cxb4 35. cxb4 Nc4 36. Rd1 e3 37. fxe3 Rf3 38. Rd3 Nb6 39. Nd4 Rf1 40. Nf5
Rb1 41. Rd4 Rd8 42. e4 Re8 43. Nd6 Re7 44. Rf2 dxe4 45. Nxe4 Nd5 46. Ng5 Nf6
47. Rd8+ Ne8 48. Rf8# 1-0

[Event "4NCL Online Division 6"]
[Site "online"]
[Date "2020.08.25"]
[Round "1.16"]
[White "Sandy, Paul"]
[Black "Lynch, Mark"]
[Result "1/2-1/2"]
[WhiteElo "1622"]
[BlackElo "1480"]
[PlyCount "163"]
[EventDate "2020.08.25"]
[WhiteTeam "Wessex Some Stars E"]
[BlackTeam "Hertford 3"]

1. e4 c6 2. Bc4 d5 3. exd5 cxd5 4. Bb3 Nf6 5. d3 e6 6. Nf3 Nc6 7. h3 Bc5 8. c3
O-O 9. O-O Re8 10. Bg5 h6 11. Bh4 Be7 12. Bg3 Nh5 13. Bh2 Nf6 14. Bc2 Bd6 15.
d4 Bxh2+ 16. Kxh2 e5 17. dxe5 Nxe5 18. Nbd2 Qd6 19. Kh1 b6 20. Nxe5 Qxe5 21.
Nf3 Qh5 22. Nh2 Qxd1 23. Raxd1 Bb7 24. Nf3 Ne4 25. Nd4 Ba6 26. Bd3 Bxd3 27.
Rxd3 Rac8 28. Kh2 a6 29. f3 Nc5 30. Rd2 g6 31. Nc2 Na4 32. Nb4 Nc5 33. Nxd5 Re6
34. Nb4 a5 35. Nc2 Na4 36. Nd4 Rd8 37. Rfd1 Red6 38. Nb3 Rxd2 39. Rxd2 Rxd2 40.
Nxd2 Nxb2 41. Kg3 Kf8 42. Kf4 Ke7 43. Ke4 Kd6 44. Kd4 Ke6 45. c4 Kd6 46. Ne4+
Kc6 47. Nd2 a4 48. Ne4 f5 49. Nf2 Kd6 50. Kc3 a3 51. Kb3 Kc5 52. Kxa3 Nxc4+ 53.
Kb3 b5 54. Nd3+ Kd4 55. Nf4 g5 56. Ne6+ Ke5 57. Nc7 Nd6 58. g3 Kd4 59. Kb4 g4
60. hxg4 fxg4 61. fxg4 Ke4 62. Nxb5 Nb7 63. Nc7 Kf3 64. Ne6 Kxg4 65. Ng7 Kg5
66. a4 Kg6 67. Ne6 Kf6 68. Nf4 Kf5 69. Kb5 Kg4 70. Kb6 Nd6 71. a5 Nc4+ 72. Kb5
Nxa5 73. Kxa5 Kxg3 74. Ng6 h5 75. Kb5 Kg4 76. Ne5+ Kf5 77. Nf3 Kf4 78. Nh4 Kg4
79. Ng2 Kg3 80. Ne3 h4 81. Nf5+ Kg4 82. Nxh4 1/2-1/2

[Event "4NCL Online Division 6"]
[Site "online"]
[Date "2020.08.25"]
[Round "1.17"]
[White "Kirby, Brian"]
[Black "Harris, John E"]
[Result "0-1"]
[WhiteElo "1210"]
[BlackElo "1592"]
[PlyCount "116"]
[EventDate "2020.08.25"]
[WhiteTeam "Hertford 3"]
[BlackTeam "Wessex Some Stars E"]

1. d4 d5 2. c3 Nf6 3. Nf3 Bf5 4. Nbd2 e6 5. e3 Bd6 6. a3 c5 7. Bb5+ Nbd7 8. O-O
a6 9. Ba4 b5 10. Bb3 O-O 11. Bc2 Bxc2 12. Qxc2 cxd4 13. Nxd4 Rc8 14. Qd1 e5 15.
N4f3 e4 16. Nd4 Ne5 17. f3 exf3 18. N4xf3 Neg4 19. Qe2 Re8 20. Nb3 Qb6 21. Nbd4
Re7 22. Nf5 Ree8 23. h3 Ne5 24. N3d4 Bb8 25. Bd2 Nc4 26. Be1 Qc7 27. Bg3 Qb7
28. Rf3 Ne5 29. Rf2 Ne4 30. Rff1 Nxg3 31. Nxg3 Nc4 32. Ngf5 Qc7 33. Nf3 Qc6 34.
N3d4 Qg6 35. Qf2 Qg5 36. Rae1 Re4 37. Re2 Rce8 38. h4 Qg6 39. Qf3 Ne5 40. Qg3
Ng4 41. Qf3 Nh2 42. Qf2 Nxf1 43. Kxf1 Rg4 44. Qf3 Ree4 45. Nc2 Re5 46. Ncd4 Kf8
47. Rf2 Rge4 48. Re2 Qf6 49. Qh3 g6 50. Rf2 gxf5 51. Nxf5 Qe6 52. g4 Qc6 53.
Qf3 Qc4+ 54. Kg2 Rxg4+ 55. Ng3 Re7 56. Kh3 Rxg3+ 57. Qxg3 Bxg3 58. Kxg3 Rxe3+
0-1

[Event "4NCL Online Division 6"]
[Site "online"]
[Date "2020.08.25"]
[Round "1.18"]
[White "Cuthbert, Larissa"]
[Black "Berkhout, Theo"]
[Result "1/2-1/2"]
[WhiteElo "1472"]
[BlackElo "1082"]
[PlyCount "201"]
[EventDate "2020.08.25"]
[WhiteTeam "Wessex Some Stars E"]
[BlackTeam "Hertford 3"]

1. e4 c5 2. Nf3 Nc6 3. d4 cxd4 4. Nxd4 Nxd4 5. Qxd4 Qc7 6. Nc3 e5 7. Qa4 Nf6 8.
Bg5 Be7 9. Be2 a6 10. O-O O-O 11. Rad1 b5 12. Nxb5 Qc6 13. Nc3 Qxa4 14. Nxa4
Bb7 15. f3 Rad8 16. Rd2 d6 17. Rfd1 Rfe8 18. Nb6 h6 19. Be3 Bf8 20. g4 g5 21.
Nc4 d5 22. exd5 Rxd5 23. Kf2 Rxd2 24. Rxd2 e4 25. Bd4 Nd5 26. fxe4 Rxe4 27. Bf3
Re8 28. Be5 f6 29. Bxf6 Nxf6 30. Bxb7 Nxg4+ 31. Kg3 Ne5 32. Re2 Bg7 33. Bxa6
Kf8 34. b4 h5 35. Nxe5 Rxe5 36. Rxe5 Bxe5+ 37. Kg2 g4 38. b5 h4 39. b6 h3+ 40.
Kg1 g3 41. hxg3 Bxg3 42. c4 Ke7 43. c5 Kd7 44. Bb7 Bf4 45. a4 Ke6 46. Kh1 Be3
47. Bc8+ Kd5 48. b7 Bf4 49. Bxh3 Kxc5 50. Kg1 Kb6 51. Bg2 Ka5 52. Bc6 Kb6 53.
Be4 Ka5 54. Bc2 Kb6 55. b8=Q+ Bxb8 56. Kf2 Kc5 57. Ke3 Kc4 58. Be4 Ba7+ 59. Ke2
Bb6 60. Bc6 Kc3 61. Kf3 Kd4 62. Kf4 Kc5 63. Be8 Kd4 64. Kf5 Kd5 65. Bf7+ Kd6
66. Ke4 Kc5 67. Be8 Kc4 68. Ke5 Kc5 69. Ke6 Kb4 70. Kd5 Bc5 71. Bb5 Ba7 72. Kc6
Ka5 73. Kb7 Bf2 74. Kc7 Bb6+ 75. Kc6 Bf2 76. Kb7 Bb6 77. Be8 Bf2 78. Kc7 Bb6+
79. Kd6 Bf2 80. Kd5 Bb6 81. Kc4 Bf2 82. Kb3 Bb6 83. Bg6 Bf2 84. Bd3 Bb6 85. Bb5
Bf2 86. Kc2 Bb6 87. Kd2 Bf2 88. Ke2 Bg1 89. Kf1 Bb6 90. Ke2 Bg1 91. Kf1 Bb6 92.
Bd7 Be3 93. Ke2 Bb6 94. Kd3 Bf2 95. Kc4 Bb6 96. Kd5 Bf2 97. Be8 Bb6 98. Kc6 Bf2
99. Kb7 Bb6 100. Kc6 Kxa4 101. Kxb6+ 1/2-1/2

[Event "4NCL Online Division 6"]
[Site "online"]
[Date "2020.08.25"]
[Round "1.25"]
[White "Castaneda, William"]
[Black "Hosker, Monika"]
[Result "1-0"]
[WhiteElo "1727"]
[BlackElo "1292"]
[PlyCount "115"]
[EventDate "2020.08.25"]
[WhiteTeam "Maidenhead 2"]
[BlackTeam "Horsham 3"]

1. d4 d5 2. Nf3 Bf5 3. c3 Nf6 4. Bg5 h6 5. Bh4 e6 6. e3 Be7 7. Bd3 Bxd3 8. Qxd3
Ne4 9. Bg3 c5 10. Nbd2 c4 11. Qc2 Nxg3 12. hxg3 Nd7 13. Ne5 Bf6 14. Nxd7 Qxd7
15. Nf3 O-O-O 16. b4 Qc7 17. a4 Rd6 18. a5 b5 19. axb6 Rxb6 20. Ke2 Kd7 21. Ra5
e5 22. Rha1 Ke6 23. Rxa7 Rb7 24. R7a6+ Rb6 25. R6a5 e4 26. Nd2 Rhb8 27. Qa4 Bd8
28. Ra7 R8b7 29. Rxb7 Qxb7 30. Qe8+ Qe7 31. Qxe7+ Bxe7 32. f3 f5 33. g4 Bd6 34.
gxf5+ Kxf5 35. fxe4+ dxe4 36. Nxc4 Rc6 37. Nxd6+ Rxd6 38. c4 g5 39. b5 Rb6 40.
Ra6 Rb8 41. b6 h5 42. c5 h4 43. Kf1 Rf8 44. Kg1 Kg4 45. b7 Kg3 46. Rg6 g4 47.
Rb6 h3 48. b8=Q+ Rxb8 49. Rxb8 h2+ 50. Kh1 Kf2 51. Rf8+ Kxe3 52. Kxh2 Kxd4 53.
c6 e3 54. c7 e2 55. Re8 Kd3 56. c8=Q Kd2 57. Rxe2+ Kxe2 58. Qxg4+ 1-0

[Event "4NCL Online Division 6"]
[Site "online"]
[Date "2020.08.25"]
[Round "1.26"]
[White "Burling, Andrew"]
[Black "Muppidi, Anirudh"]
[Result "1/2-1/2"]
[WhiteElo "1307"]
[BlackElo "1697"]
[PlyCount "88"]
[EventDate "2020.08.25"]
[WhiteTeam "Horsham 3"]
[BlackTeam "Maidenhead 2"]

1. e4 e5 2. Bc4 Nc6 3. Nf3 Bc5 4. b4 Bxb4 5. c3 Ba5 6. d4 d6 7. Qb3 Qd7 8. O-O
Nf6 9. dxe5 Ng4 10. e6 fxe6 11. Ng5 Nd8 12. h3 Ne5 13. Bb5 c6 14. f4 Bb6+ 15.
Kh1 Nef7 16. Bc4 O-O 17. f5 d5 18. fxe6 dxc4 19. exf7+ Nxf7 20. Qxc4 h6 21.
Nxf7 Rxf7 22. Ba3 Qe6 23. Qxe6 Bxe6 24. Nd2 c5 25. Rxf7 Bxf7 26. Nb3 c4 27. Nc5
Re8 28. Re1 Re7 29. Na4 Re6 30. Nxb6 Rxb6 31. e5 Re6 32. Bd6 b5 33. Kg1 Bg6 34.
Rf1 Bf7 35. Kf2 Kh7 36. Ke3 Kg6 37. Kd4 Re8 38. Kc5 a6 39. h4 h5 40. Kb6 Ra8
41. Kb7 Bd5+ 42. Kb6 Bf7 43. Kc7 Ra7+ 44. Kb6 Ra8 1/2-1/2

[Event "4NCL Online Division 6"]
[Site "online"]
[Date "2020.08.25"]
[Round "1.27"]
[White "Nallaperumal, Kasi Veshagan"]
[Black "Biddiss, Samuel"]
[Result "1-0"]
[WhiteElo "1502"]
[BlackElo "1037"]
[PlyCount "59"]
[EventDate "2020.08.25"]
[WhiteTeam "Maidenhead 2"]
[BlackTeam "Horsham 3"]

1. d4 e6 2. Bf4 d5 3. e3 Bd6 4. Bg3 Bxg3 5. hxg3 Nf6 6. Nf3 h6 7. Bd3 c6 8.
Nbd2 Ng4 9. Ne5 Nxe5 10. dxe5 b6 11. c3 Ba6 12. Bc2 Nd7 13. Qg4 g5 14. Nf3 Qc7
15. Nxg5 Rg8 16. Nxe6 Ke7 17. Nxc7 Nxe5 18. Qh4+ f6 19. Nxa8 Rxa8 20. Qxh6 Bd3
21. Bxd3 Nxd3+ 22. Ke2 Ne5 23. Qg7+ Ke6 24. Qb7 Rg8 25. Rh5 Nd7 26. Qxc6+ Kf7
27. Qxd7+ Kf8 28. Rh7 Rg7 29. Rxg7 d4 30. Qf7# 1-0

[Event "4NCL Online Division 6"]
[Site "online"]
[Date "2020.08.25"]
[Round "1.28"]
[White "Thorndyke, Alexander"]
[Black "Chen, William"]
[Result "0-1"]
[WhiteElo "1000"]
[BlackElo "1270"]
[PlyCount "87"]
[EventDate "2020.08.25"]
[WhiteTeam "Horsham 3"]
[BlackTeam "Maidenhead 2"]

1. d4 d5 2. Bf4 Nf6 3. e3 Bf5 4. Nf3 Nc6 5. c3 e6 6. Nbd2 Bd6 7. Bg3 O-O 8. Be2
Qd7 9. O-O Bxg3 10. fxg3 e5 11. dxe5 Ng4 12. Nd4 Nxe3 13. Qe1 Nxf1 14. Qxf1
Nxd4 15. cxd4 Bg6 16. h3 f6 17. exf6 Rxf6 18. Bf3 Be4 19. Nb3 Bxf3 20. gxf3
Raf8 21. f4 g5 22. Nc5 Qc6 23. Re1 gxf4 24. gxf4 Rg6+ 25. Kh2 Rgf6 26. Qg2+ Rg6
27. Qf3 b6 28. Nd3 Qf6 29. Qxd5+ Kg7 30. Qe5 Qxe5 31. Rxe5 Rd8 32. d5 c6 33.
Nb4 cxd5 34. Nxd5 Rgd6 35. Rg5+ Rg6 36. Rf5 Rc8 37. Ne7 Rc2+ 38. Kh1 Rgg2 39.
Rg5+ Rxg5 40. fxg5 Rxb2 41. h4 Rxa2 42. h5 Ra5 43. Nc6 Rxg5 44. Ne7 0-1

[Event "4NCL Online Division 6"]
[Site "online"]
[Date "2020.08.25"]
[Round "1.35"]
[White "Evans, Alf"]
[Black "Marshall, W John"]
[Result "0-1"]
[WhiteElo "1367"]
[BlackElo "1757"]
[PlyCount "82"]
[EventDate "2020.08.25"]
[WhiteTeam "Malpas & Croesoswallt"]
[BlackTeam "Horsham 2"]

1. e4 e5 2. Nf3 Nc6 3. Bc4 Bc5 4. a3 a6 5. Nc3 Nf6 6. d3 O-O 7. O-O b5 8. Ba2
Bb7 9. Bg5 Be7 10. Nd5 Nxd5 11. exd5 Bxg5 12. dxc6 Bxc6 13. Nxe5 Qf6 14. d4 Bf4
15. Nf3 Be4 16. Re1 d5 17. Ne5 Rae8 18. Nd7 Qh4 19. g3 Qh3 20. Rxe4 Rxe4 21.
Nxf8 Bd6 22. Nxh7 Qxh7 23. Bxd5 Re7 24. Qf3 Qxc2 25. Qc3 Qxc3 26. bxc3 Re2 27.
c4 Rd2 28. cxb5 axb5 29. Bc6 Rxd4 30. Bxb5 Bc5 31. a4 Rd2 32. a5 Rxf2 33. Kh1
Rb2 34. Bf1 Rb8 35. Bg2 Ba7 36. a6 Kf8 37. Re1 c5 38. Be4 Re8 39. Rb1 Rxe4 40.
Rb7 Re7 41. Rxe7 Kxe7 0-1

[Event "4NCL Online Division 6"]
[Site "online"]
[Date "2020.08.25"]
[Round "1.36"]
[White "Trofin, Marian"]
[Black "Ritchie, Stephen"]
[Result "1-0"]
[WhiteElo "1660"]
[BlackElo "1164"]
[PlyCount "101"]
[EventDate "2020.08.25"]
[WhiteTeam "Horsham 2"]
[BlackTeam "Malpas & Croesoswallt"]

1. d4 d5 2. Nc3 c6 3. h3 Bf5 4. Nf3 Nf6 5. a3 e6 6. Bg5 Be7 7. e3 Nbd7 8. Bf4
Bg6 9. Bd3 Bxd3 10. cxd3 Nh5 11. Bh2 Nhf6 12. e4 Nb6 13. O-O O-O 14. Re1 a6 15.
Qb3 Ne8 16. Rad1 Ra7 17. Bg3 Bd6 18. e5 Be7 19. Ne2 Nd7 20. Qc3 c5 21. Rc1 b6
22. Red1 Rc7 23. dxc5 Rxc5 24. Qb3 Rb5 25. Qa2 Rc5 26. b4 Rc7 27. Nfd4 Nb8 28.
Rxc7 Nxc7 29. Rc1 Qd7 30. Qc2 Bd8 31. a4 g6 32. Bf4 Re8 33. Be3 Qe7 34. Nc6
Nxc6 35. Qxc6 Na8 36. Bg5 Qxg5 37. Qxe8+ Kg7 38. f4 Qh5 39. Ng3 Qh4 40. Ne2 Qe7
41. Qxe7 Bxe7 42. Rc8 Bxb4 43. Rxa8 a5 44. Ra7 Bc5+ 45. d4 Bb4 46. Rb7 h6 47.
Kf2 g5 48. fxg5 hxg5 49. Kf3 Kg6 50. Kg4 Bd2 51. Rxb6 1-0

[Event "4NCL Online Division 6"]
[Site "online"]
[Date "2020.08.25"]
[Round "1.37"]
[White "Campbell, Graeme"]
[Black "Barrowclough, Richard"]
[Result "0-1"]
[WhiteElo "1142"]
[BlackElo "1547"]
[PlyCount "64"]
[EventDate "2020.08.25"]
[WhiteTeam "Malpas & Croesoswallt"]
[BlackTeam "Horsham 2"]

1. Nf3 Nf6 2. g3 g6 3. d4 Bg7 4. c4 e6 5. Bg2 d5 6. Qb3 O-O 7. O-O b6 8. Ne5
Bb7 9. Bg5 h6 10. Bd2 Nc6 11. Nxc6 Bxc6 12. Bb4 Re8 13. Nd2 Qd7 14. Bh3 Rad8
15. a4 dxc4 16. Qxc4 Qxd4 17. Rfd1 Qxc4 18. Nxc4 Rxd1+ 19. Rxd1 Bxa4 20. Rd2
Ne4 21. Rd3 Bb5 22. Rd4 Bxd4 23. Bg2 Nxf2 24. Na3 Nd3+ 25. Kf1 Nxb4 26. Nxb5
Bxb2 27. Nxa7 Rd8 28. Bf3 c5 29. h4 c4 30. Nb5 c3 31. Be4 c2 32. Bxc2 Nxc2 0-1

[Event "4NCL Online Division 6"]
[Site "online"]
[Date "2020.08.25"]
[Round "1.38"]
[White "Turvey, Guy"]
[Black "Winter, Molly"]
[Result "1-0"]
[WhiteElo "1412"]
[BlackElo "775"]
[PlyCount "31"]
[EventDate "2020.08.25"]
[WhiteTeam "Horsham 2"]
[BlackTeam "Malpas & Croesoswallt"]

1. e4 d5 2. exd5 Qxd5 3. Nc3 Qd8 4. d4 Nf6 5. Nf3 Be6 6. Bf4 Nc6 7. Bb5 Nd5 8.
Nxd5 Bxd5 9. Ne5 e6 10. O-O Qe7 11. c4 f6 12. Qh5+ g6 13. Nxg6 Qg7 14. Nxh8+
Kd8 15. cxd5 Nxd4 16. Qe8# 1-0